Ciudades por descripción de Wikipedia #2 - Estadísticas

Estadísticas generales
  • Esta prueba ha sido intentada 98 veces
  • La puntuación promedio es 9 de 20
Estadísticas de respuestas
Pista Ciudad % Correcto
Como el Pan de Azúcar, la estatua del Cristo Redentor, las playas de Copacabana e Ipanema Río de Janeiro
95%
Bulls es uno de los equipos de baloncesto más conocidos del mundo Chicago
83%
Siendo, a excepción de la navegación por los canales que separan a las islas, una ciudad totalmente peatonal Venecia
81%
El principal destino turístico de México Cancún
75%
Es el centro financiero del país y alberga la Bolsa alemana Fráncfort
72%
Tuvo lugar el asesinato del archiduque Francisco Fernando de Austria Sarajevo
67%
El 25 de febrero de 2022, esas tropas llegan a solo 3 kilómetros de la plaza central Kiev
65%
Se denominó Valentia Edetanorum Valencia
56%
Aunque sus ciudadanos aún siguen llamándola Saigón Ciudad Ho Chi Minh
45%
Murió Mahoma Medina
45%
Sede de la Copa Mundial de Fútbol de 1934 y de la Copa Mundial de Fútbol de 1990 Milán
37%
Bajo la ocupación iraquí fue renombrada al Kadhima Kuwait
27%
Están entre los más buscados y caros del mundo: Château Lafite Rothschild, Château Margaux, Château Latour Burdeos
25%
Quedan todavía algunas colonias hippies en la isla, pero también están allí instaladas colonias del movimiento clubber Ibiza
25%
Cuando fue relevada por la ciudad de Dodoma aunque el proceso no se completó hasta 1996 Dar es-Salam
24%
Es la capital judicial del país, así como también la capital de la provincia del Estado Libre Bloemfontein
22%
Considerado por el budismo tibetano como el centro más sagrado del Tíbet Lhasa
22%
La capital y ciudad más poblada del estado insular de Tasmania Hobart
13%
La única ciudad del país a la que se accede cruzando parte de la cordillera de los Andes Ushuaia
5%
Su centro histórico, llamada «Ciudad Amurallada» Cartagena
4%
No se encontraron pruebas coincidentes
Distribución de puntuación
Porcentaje de gente con cada puntuación
Porcentaje por número respondido
Historial de tus puntuaciones
No has intentado esta prueba.